Raccourci des classique disney - Statistiques

Statistiques générales
  • Ce quiz a été pris 230 fois
  • Le résultat moyen est 21 sur 25
Statistiques - réponses
Hint Réponse % Correct
elle a juste perdu sa chaussure cendrillon
99%
elle a jamais couper ses cheveux raiponce
99%
on dit qu'elle a dormi 100 ans alors qu'elle a même pas dormi 4 heurs la belle au bois dormant
94%
"tout le monde peut cuisiner", y'a des limites par contres ratatouille
94%
elle a quand même dormi avec 7 mecs blanche neige
92%
le mec c'est fait rejeter par les dieux ! alors que de base sans est un hercule
92%
il arrive a sauver son pote alors qu'il est fait en plastique ? toy story
91%
elle apprend a naviguer et arrive a sauver toutes les terres autour d'elle en 2 jours vaiana
91%
elle doit être la meilleur en bataille de boule de neige la reine des neiges
90%
sa mère aurait accepter qu'elle fasse du tir-à-l 'arc y'aurais pas eu de film rebelle
90%
il a kidnapper 3 enfants et personne s'en rend compte peter pan
88%
il c'est juste pas fait manger par un tigre le livre de la jungle
87%
les voleurs on vraiment de la chance chez disney aladdin
86%
elle peut respirer dans l'eau mais veut quand même change de vie la petite sirene
86%
il va dans le monde des morts, il voit des squelettes partout mais continue a chanter normal coco
85%
elle conduit un kart a 6ans et personne dit rien les mondes de ralph
83%
il voit son père mort, se barre et vit sa vie sans soucis le roi lion
80%
elle voulait juste travailler pour avoir son restaurant, elle avait rien demander...
bon au final elle la quand même
la princesse et la grenouille
79%
il a fait le tour des océans en 1h30 de film ? le monde de némo
79%
ils sont devenu un refuge au final les 101 dalmatiens
76%
il est censé avoir un GPS intégré dans lui-même mais il arrive quand même a se tromper de route cars
72%
encore un poisson/berger qui veut aller chez les humains luca
68%
elle vie sa meilleur vie mais faut qu'elle aille dans la rue avec un vieux mec la belle et le clochard
65%
la meuf tombe quand même amoureuse d'un chien hein ! la belle et la bete
54%
ils tombent amoureux en disant continuellement leur prénom wall-e
48%
Aucun quiz correspondant
Distribution des résultats
% des personnes avec chaque résultat
Percentile par nombre de réponses
Votre historique - résultats
Vous n’avez pas pris ce quiz